000 00259nam a22001217a 4500
008 170721b xxu||||| |||| 00| 0 eng d
041 _aeng
080 _a004
100 _a28
101 _aSHKI
245 _aPAINT SHOP PRO 8
_cJASCSOFTWARE
942 _2udc
_cBK
999 _c21687
_d21687